000 00463nam a2200181Ia 4500
001 24015
005 20260414151015.0
008 260414t1941||||xx |||||||||||||| ||spa||
041 _aESP
082 _a750.97
_bI61
100 _aInternational Business Machines Corporation
_eAUT
245 0 _aArte contemporáneo del hemisferio occidental
_b
260 _c1941
300 _a93 lams.
_c25 cm.
650 _aABD
654 _aCAU
942 _cLIB
_dJUS
_fJUS
_2ddc
_n
999 _c24015
_d24015